| Tag |
First Indicator |
Second Indicator |
Subfields |
| LEADER |
00000cam a2200000 4500 |
| 001 |
in00000041042 |
| 005 |
20151007070615.0 |
| 008 |
760218s1961 enka 00000 eng |
| 010 |
|
|
|a 60014951
|
| 035 |
|
|
|a (OCoLC)01998895
|
| 035 |
|
|
|9 AAE4339AM
|
| 040 |
|
|
|a DLC
|c GAT
|d TXA
|d UtOrBLW
|
| 049 |
|
|
|a TXAM
|c [362309]
|
| 050 |
0 |
0 |
|a QC467
|b .B68 1961
|
| 082 |
1 |
|
|a 535.84
|
| 092 |
|
|
|a 535.84
|b B832s, 1961
|
| 100 |
1 |
|
|a Breene, Robert G.
|
| 245 |
1 |
4 |
|a The shift and shape of spectral lines.
|
| 264 |
|
1 |
|a Oxford,
|a New York :
|b Pergamon Press,
|c 1961.
|
| 300 |
|
|
|a 323 pages :
|b illustrations ;
|c 25 cm.
|
| 336 |
|
|
|a text
|b txt
|2 rdacontent
|
| 337 |
|
|
|a unmediated
|b n
|2 rdamedia
|
| 338 |
|
|
|a volume
|b nc
|2 rdacarrier
|
| 650 |
|
0 |
|a Spectrum analysis.
|
| 999 |
|
|
|a MARS
|
| 999 |
f |
f |
|s c07d009f-3634-3b0c-9629-78ee07caa89a
|i 5118d1da-af7b-3fb6-b5a3-b1725c406bc6
|t 0
|
| 952 |
f |
f |
|p ric
|a Texas A&M University
|b Rellis Campus
|c Joint Library Facility
|d Remote Storage
|t 0
|e QC467 .B68 1961
|h Library of Congress classification
|i unmediated -- volume
|m A14800918048
|
| 998 |
f |
f |
|a QC467 .B68 1961
|t 0
|l Remote Storage
|